000 00893nam a22002897a 4500
001 7718
003 FISKH
005 20250801093018.0
008 250801b cb ||||| |||| 00| 0 eng d
020 _a9780516454511
040 _aFISKH
_beng
_cFISKH
_dFISKH
050 _a QC104.P58
082 _a 530.8
100 _aPluckrose, Henry
245 _aMath counts :
_bCapacity /
_cBy Henry Pluckrose ; Mathematics Consultant: Ramona G.Choos, ; Professor of Mathematics
250 _aThis edtion first published in 1995
260 _aNew York :
_bChildren Press,
_c1994
300 _a31 pages :
_bcolor illustrations ;
_c22 cm
505 _aN
520 _aExplains to the reader about mathematical capacity
521 8 _a540
_bLexile
521 8 _aN
_bRaz-Plus
650 _2Capacity
_aMath concepts
650 _2Measurement
_aScience
942 _2ddc
_cBK
_n0
999 _c7718
_d7718